=LDR 00000nam 2200000 4500 =001 INLIS000000000029773 =005 20130612131958 =008 ***********************************Ind** =035 ##$$0010-061300000029773 =041 ##$$a Ind =082 ##$$a 346.072 =090 ##$$a 346.072, Sya h =100 ##$$a Syahmin AK =245 ##$$a Hukum dagang internasional, dalam kerangka studi analitis, Syahmin AK =260 ##$$a 2006 $b Jakarta =300 ##$$a xii, 356 hlm, 21 cm =650 ##$$a Hukum dagang internasional =850 ##$$a NBPNMAT =990 ##$$a 0001/BPAP-NTB/20142014 =990 ##$$a 0001/BPAP-NTB/20142014